Capital Markets / (Record no. 31184)

MARC details
000 -LEADER
fixed length control field 00976nam a22002657a 4500
005 - DATE AND TIME OF LATEST TRANSACTION
control field 20091030103255.0
008 - FIXED-LENGTH DATA ELEMENTS--GENERAL INFORMATION
fixed length control field 091030t xxu||||| |||| 00| 0 eng d
010 ## - LCCN (DPL NO)
LC control number ENG-95263
020 ## - INTERNATIONAL STANDARD BOOK NUMBER
International Standard Book Number 9780070153301
Terms of availability 250.00
020 ## - INTERNATIONAL STANDARD BOOK NUMBER
International Standard Book Number 0070153302
Terms of availability 250.00
035 ## - SYSTEM CONTROL NUMBER
System control number EN-78796
040 ## - CATALOGING SOURCE
Original cataloging agency DPL
082 ## - DEWEY DECIMAL CLASSIFICATION NUMBER
Classification number 332.0415
100 ## - MAIN ENTRY--PERSONAL NAME
Personal name Gurusamy, S.
245 ## - TITLE STATEMENT
Title Capital Markets /
Statement of responsibility, etc by S. Gurusamy
250 ## - EDITION STATEMENT
Edition statement 2nd ed.
260 ## - PUBLICATION, DISTRIBUTION, ETC. (IMPRINT)
Place of publication, distribution, etc New Delhi
Name of publisher, distributor, etc Tata McGraw-Hill Education,
Date of publication, distribution, etc c2009.
270 ## - ADDRESS
Address 7, West Patel Nagar
City New Delhi
Postal code 110008
300 ## - PHYSICAL DESCRIPTION
Extent xvi, 526p.
Dimensions 22 cm.(Pbk)
500 ## - GENERAL NOTE
General note Includes index.
650 ## - SUBJECT ADDED ENTRY--TOPICAL TERM
Topical term or geographic name as entry element Capital market
942 ## - ADDED ENTRY ELEMENTS (KOHA)
Source of classification or shelving scheme Dewey Decimal Classification
Item type English Books
Call number suffix GUR
Classification part 332.0415
Holdings
Withdrawn status Lost status Source of classification or shelving scheme Damaged status Not for loan Collection code Home library Current library Date acquired Source of acquisition Cost, normal purchase price Total Checkouts Full call number Barcode Date last seen Copy number Cost, replacement price Koha item type
    Dewey Decimal Classification   Not For Loan Non-fiction D.B.Act.Division D.B.Act.Division 30/10/2009 DBAD / PUB 250.00   332.0415 GUR EN-78796 30/10/2009 1 250.00 English Books

© Delhi Public Library
Hit Counter
free hit counter